| 000 | 00704nam a2200253Ia 4500 | ||
|---|---|---|---|
| 003 | OSt | ||
| 005 | 20220928104628.0 | ||
| 006 | a|||||r|||| 00| 0 | ||
| 007 | ta | ||
| 008 | 220927b |||||||| |||| 00| 0 eng d | ||
| 020 | _c425 | ||
| 024 | _a109387 | ||
| 037 |
_b563, 22/09/2010, Kitabghar Parkashan _cTextual |
||
| 040 |
_aSDCL _cSDCL _beng |
||
| 041 |
_2eng _aeng |
||
| 082 | _aO33,3N34,5, Q0 | ||
| 100 |
_aBhyrappa _9411403 |
||
| 245 | 0 | _aAavaran. | |
| 260 |
_aNew Delhi _bKitabghar Prakashan _c2010 |
||
| 300 |
_a295p. _ccm. |
||
| 650 |
_aHindi _9391598 |
||
| 942 |
_hO33,3N34,5, Q0 _cTEXL _2CC |
||
| 999 |
_c727074 _d727074 |
||